| 000 | 00867nam a22002177a 4500 | ||
|---|---|---|---|
| 999 |
_c10842 _d10842 |
||
| 008 | 180924b ||||| |||| 00| 0 eng d | ||
| 020 | _a978-1-68094-903-2 | ||
| 082 |
_22018 _aDC 515.35 _bT343 |
||
| 245 |
_aTheory, practice and techniques in differential equations / _cedited by Aleksandar Mratinkovic, Dan Piestun, Hazem Shawky Fouda, Felecia Killings, and Sandra El Hajj |
||
| 260 |
_aUSA : _b3G E-Learning, _c©2018. |
||
| 300 |
_avii, 224 pages : _bcolor illustrations ; _c23 cm. |
||
| 500 | _aIncludes references and index. | ||
| 650 |
_aDifferential equations. _931542 |
||
| 700 |
_aMratinkovic, Aleksandar, editor _931543 |
||
| 700 |
_aPiestun, Dan, editor _931544 |
||
| 700 |
_aFouda, Hazem Shawky, editor _931545 |
||
| 700 |
_aKillings, Felecia, editor _931546 |
||
| 700 |
_aHajj, Sandra EI, editor _931547 |
||
| 365 |
_b5,940.00 _cPhp. |
||
| 942 |
_2ddc _cDC |
||